000 00265nam a2200109Ia 4500
008 190907s9999||||xx |||||||||||||| ||und||
100 _aCormen, Leiserson,
245 0 _aIntroduction To Algorithms
260 _aUSA
_bMc Graw Gill
_c2003
300 _a1180
942 _cBK
999 _c6487
_d6487